000 01330nam a2200385 i 4500
001 55158
003 KOSZ 005
005 20221202142446.0
008 050927s2005 pl a f f |000 0 pol
015 _aPB 2005/16799
020 _a8372446393
040 _aWA N
_cWA N
_dKOSZ 005/HR
080 _a528
080 _a(075.8)
100 1 _aKosiński, Wiesław
_c(geodezja)
_eAutor
245 1 0 _aGeodezja /
_cWiesław Kosiński.
250 _aWyd. 5 zm.
260 _aWarszawa :
_bWydawnictwo SGGW,
_c2005.
300 _a439, [1] s. :
_bfot., mapy, portr., rys., wykr. ;
_c24 cm +
_e2 dyski optyczne (CD-ROM).
336 _2rdacontent
_aTekst
_btxt
337 _2rdamedia
_aBez urządzenia pośredniczącego
_bn
338 _2rdacarrier
_aWolumin
_bnc
380 _aKsiążki
380 _aPublikacje dydaktyczne
385 _mPoziom nauczania
_aSzkoły wyższe
388 _a2001-
504 _aBibliogr. s. 439-[440].
650 4 _aGeodezja
655 4 _aPodręczniki akademickie
658 _aGeografia i nauki o Ziemi
710 2 _aSzkoła Główna Gospodarstwa Wiejskiego w Warszawie.
_bWydawnictwo.
_4pbl.
710 2 _aWydawnictwo SGGW
_4pbl
856 _uhttp://koha.tu.koszalin.pl/cgi-bin/koha/opac-detail.pl?biblionumber=55158
_yKatalog online BPK
942 _2UKD
_cKS
999 _c55158
_d55158